Mi cuaderno de notas (Record no. 189395)
[ view plain ]
| 000 -LEADER | |
|---|---|
| campo de control de longitud fija | 00577nam a2200181 i 4500 |
| 001 - NÚMERO DE CONTROL | |
| campo de control | 189395 |
| 003 - IDENTIFICADOR DE NÚMERO DE CONTROL | |
| campo de control | ES-MaACL |
| 005 - FECHA Y HORA DE LA ÚLTIMA TRANSACCIÓN | |
| campo de control | 20230906223450.0 |
| 008 - DATOS DE LONGITUD FIJA--INFORMACIÓN GENERAL | |
| campo de control de longitud fija | 190529s1995 mx a |||| |dspa d |
| 020 ## - NÚMERO INTERNACIONAL ESTÁNDAR DEL LIBRO | |
| Número Internacional Estándar del Libro | 970-91170-1-7 |
| 100 1# - ENTRADA PRINCIPAL--NOMBRE DE PERSONA | |
| Nombre de persona | Hasselkus, Hans. |
| 9 (RLIN) | 162379 |
| 245 10 - MENCIÓN DEL TÍTULO | |
| Título | Mi cuaderno de notas |
| Resto del título | : el tablero de los 96 glifos de Palenque / |
| Mención de responsabilidad, etc. | Hans Hasselkkus M. |
| 260 ## - PUBLICACIÓN, DISTRIBUCIÓN, ETC. | |
| Lugar de publicación, distribución, etc. | México : |
| Nombre del editor, distribuidor, etc. | Hans Hasselkkus 1995. |
| 300 ## - DESCRIPCIÓN FÍSICA | |
| Extensión | 116 p. : |
| Otras características físicas | il. ; |
| Dimensiones | 22 cm. |
| 504 ## - NOTA DE BIBLIOGRAFÍA, ETC. | |
| Nota de bibliografía, etc. | Bibliografía: p. 116. |
| 650 #4 - PUNTO DE ACCESO ADICIONAL DE MATERIA--TÉRMINO DE MATERIA | |
| Término de materia o nombre geográfico como elemento de entrada | Escritura maya. |
| 9 (RLIN) | 155487 |
| 852 ## - LOCALIZACIÓN | |
| Ubicación | ES-MaACL |
| Número de control de estantería | L-32402 |
| Nota libre | - Enc. canutillo |
| Estatus retirado | Estado de pérdida | Estado de daño | No para préstamo | Biblioteca de origen | Biblioteca actual | Ubicación en estantería | Fecha de adquisición | Fuente de adquisición | Total de préstamos | Signatura topográfica completa | Código de barras | Visto por última vez | Precio de reemplazo | Tipo de ítem Koha |
|---|---|---|---|---|---|---|---|---|---|---|---|---|---|---|
| Biblioteca del Ateneo de Madrid | Biblioteca del Ateneo de Madrid | Depósito 2 | 29/05/2019 | L-32402 | 1200666 | 23/02/2023 | 23/02/2023 | Libro impreso |
